Countries Bordering Unknown Country #11 - Statistics

General Stats
  • This quiz has been taken 1,000 times
  • The average score is 9 of 9
Answer Stats
Hint Answer % Correct
A Armenia
97%
A Azerbaijan
97%
G Georgia
97%
I Iran
97%
I Iraq
97%
S Syria
94%
G Greece
92%
Turkey
92%
B Bulgaria
91%
No matching quizzes found
Score Distribution
Percent of People with Each Score
Percentile by Number Answered
Your Score History
You have not taken this quiz